000 01742cam a2200541 a 4500
001 21345
003 VRT
005 20260227143715.0
008 240314s2015 xo g 000 f slo
015 _aSNBA2015/09
020 _a9788022018654
_q(viaz.)
035 _aFA1924D3-48A3-444D-8007-527BF738D688
035 _aurn:nbn:sk:snk-aml49a
035 _aurn:nbn:sk:snk-am008wwf
039 9 _a202403141035
_bVLOAD
_c202202271353
_dAUTHORITY
_c202105250922
_dAUTHORITY
_c201905311155
_dAUTHORITY
040 _aPPPK
_bslo
_cPPPK
_dSNK
_eAACR2
041 1 _aslo
_heng
044 _axo
_cSK
072 7 _a821.111(73)-3
_xAmerická próza
_2konspekt
080 _a821.111(73)-31
_22001
080 _a(0:82-312.5)
_22001
100 1 _aFeather, Jane,
_d1945-
_4aut
240 1 0 _aTrapped at the altar
_lSlovensky
245 1 0 _aNevestou proti svojej vôli
_cJane Featherová ; [z anglického originálu preložila Miriam Ghaniová]
260 _aBratislava
_bSlovenský spisovateľ
_c2015
300 _a231 s.
_c21 cm
655 7 _aamerické romány
_2SNKPH
655 7 _aľúbostné romány
_2SNKPH
655 7 _aAmerican fiction
_2SNKPHeng
655 7 _aLove novels
_2SNKPHeng
700 1 _aGhaniová, Miriam
_4trl
910 _apppk
910 _asvkbb
910 _ahevk
910 _asnk
910 _avthk
910 _apokpoh
910 _askpk
910 _asllk
910 _abjkdg
910 _attkjf
910 _atotk
942 _2ddc
_cKLDO
_n0
949 _617A1170596
_asnkSC 166041
_bsnk2015/25297
_o1779/2015
_s6100:20140925
949 _6270001000510305
_asvkbbA 145657
_bsvkbbm 755833
949 _617A1173224
_asnkSC 166041 D1
_bsnk2015/28615
_o1779/15
999 _c21345
_d21345